Normal view
MARC view
- Bhopal Union Carbide Plant Disaster, Bhopal, India, 1984.
Entry Topical Term
001 - CONTROL NUMBER
- control field: 4453
003 - CONTROL NUMBER IDENTIFIER
- control field: OSt
005 - DATE AND TIME OF LATEST TRANSACTION
- control field: 20170515123517.0
008 - FIXED-LENGTH DATA ELEMENTS
- fixed length control field: 170515|| aca||aabn | a|a d
040 ## - CATALOGING SOURCE
- Original cataloging agency: OSt
- Transcribing agency: OSt
150 ## - HEADING--TOPICAL TERM
- Topical term or geographic name entry element: Bhopal Union Carbide Plant Disaster, Bhopal, India, 1984.
670 ## - SOURCE DATA FOUND
- Source citation: Work cat.: (OSt): Kurzman, Dan 4451, A killing wind :, c1987.

PORTAL AKMAL
E-MEL JKDM
AKMAL2U
G-BAM
u-PUSTAKA